• 首页
  • 本馆介绍
  • 公告通知
  • 最新文献
  • 馆藏检索
  • 电子资源
  • 读者导购
  • 参考咨询
  • 我的图书馆
  • 登录
  • 详细信息显示
  • 放入我的书架
  • 预约/预借图书
  • 作者相关作品
  • 分类相关作品
  • 丛书相关作品
  • 出版社相关作品

书目信息

  • 表格格式
  • 工作单格式
  • 卡片格式
题名:
平等与效率——重大的抉择
    
 
作者: 美 阿瑟·奥肯 ;王奔洲
分册:  
出版信息: 北京   华夏出版社  36161
页数: 116页
开本: 20cm
丛书名:
单 册:
中图分类: F012
科图分类:
主题词: 政治经济学--概论
电子资源:
ISBN: 7-5080-1649-1
000 00638nam0 2200205 450
001 0728815141
005 20070819080015.14
010    @a7-5080-1649-1@d¥10.00
100    @a20070819d km y0chiy0120 ea
101 0  @achi
200 1  @a平等与效率——重大的抉择@Aping deng yu xiao lu——zhong da de jue ze@f[美] 阿瑟·奥肯@F[mei]a se·ao ken@g王奔洲@Gwang ben zhou
205    @a2版
210    @a北京@c华夏出版社@d36161
215    @a116页@d20cm
606 0  @a政治经济学@x概论
690    @aF012@v3
701  0 @a美 阿瑟·奥肯@Amei a se·ao ken
702  0 @a王奔洲@Awang ben zhou
801  0 @aCN@bPFT@c20070819
905    @a213230@dF012@eZW14@f1
    
    平等与效率——重大的抉择/[美] 阿瑟·奥肯/王奔洲.-2版.-北京:华夏出版社,36161
    116页;20cm
    
    
    ISBN 7-5080-1649-1:¥10.00
    
●
相关链接 在E读中查询图书 在五车中查询图书 在当当中查询图书 在豆瓣中查询图书


正题名:平等与效率——重大的抉择     索取号:F012/ZW14         预约/预借

序号 登录号 条形码 馆藏地/架位号 状态 备注
1 7601565   276015651   密集书库-文学院/ [索取号:F012/ZW14] 在馆    
唐山师范学院图书馆 欢迎您!
大连网信软件有限公司© 版权所有